000 00890nam a2200229Ii 4500
003 JO-AjNU
008 230605s9999||||xx |||||||||||||| ||und||
017 _a2006/11/3171
020 _a9957-16-297-7
040 _aJO-AjNU
_bara
_erda
_cJO-AjNU
041 _aara
050 1 4 _aKZ6471.I486.2014
100 3 _aتأليف علوان ، محمد يوسف ؛ م.مشارك محمد خليل الموسى,
_eauthor
_950803
245 0 0 _aالقانون الدولي لحقوق الإنسان : الحقوق المحمية، الجزء الثاني
250 _aط4
264 3 1 _aعمان : دار الثقافة ، 2014
300 _aج2 ، 576ص
336 _atext
_btxt
_2rdacontent
337 _aunmediated
_bn
_2rdamedia
338 _avolume
_bnc
_2rdacarrier
650 4 _aالقانون الدولي الانساني -- حقوق الإنسان -- القانون الدولي
_950804
999 _aA22401
_c25969
_d25969